000 00670nam a2200241Ia 4500
003 OSt
005 20220918212120.0
006 a|||||r|||| 00| 0
007 ta
008 220917b |||||||| |||| 00| 0 eng d
024 _a127,304
037 _cTextual
040 _aARTS
_cARTS
_beng
041 _2eng
_aeng
082 _aX, L22
100 _aGodelier Maurice
_936936
245 0 _aRationality and irrationality in economics tr from the French by Brian Pearce
260 _aNew York
_bMonthly Review Press
_c1972
300 _axlii,326p.
_ccm.
650 _aECONOMICS
942 _hX, L22
_cTEXL
_2CC
999 _c250446
_d250446